The great soul : (Record no. 147003)

MARC details
000 -LEADER
fixed length control field 00602nam a22001817a 4500
005 - DATE AND TIME OF LATEST TRANSACTION
control field 20171031110132.0
010 ## - LCCN (DPL NO)
LC control number ENG-121125
020 ## - INTERNATIONAL STANDARD BOOK NUMBER
International Standard Book Number 9789383514052
Terms of availability 595.00
035 ## - SYSTEM CONTROL NUMBER
System control number EN-104657
037 ## - SOURCE OF ACQUISITION
Source of stock number/acquisition DBAD/PUB
082 ## - DEWEY DECIMAL CLASSIFICATION NUMBER
Classification number 301.153
100 ## - MAIN ENTRY--PERSONAL NAME
Personal name Bhola Prasad Singh
245 ## - TITLE STATEMENT
Title The great soul :
Statement of responsibility, etc by Bhola Prasad Singh [and] Naveen Kumar Singh
Remainder of title gandhian experiments with 'truth and untouchability' /
260 ## - PUBLICATION, DISTRIBUTION, ETC. (IMPRINT)
Place of publication, distribution, etc New Delhi
Name of publisher, distributor, etc Lucky International
Date of publication, distribution, etc 2015
270 ## - ADDRESS
Address H-16/1922, Sangam Vihar
City New Delhi
Postal code 110080
300 ## - PHYSICAL DESCRIPTION
Extent 200p.
Dimensions 22cm(Hb)
942 ## - ADDED ENTRY ELEMENTS (KOHA)
Source of classification or shelving scheme Dewey Decimal Classification
Item type English Books
Classification part 301.153
Call number suffix BHO
Holdings
Withdrawn status Lost status Not for loan Collection code Home library Current library Date acquired Source of acquisition Cost, normal purchase price Full call number Barcode Copy number Cost, replacement price Koha item type
    Not For Loan Non-fiction D.B.Act.Division Bawana 31/10/2017 DBAD/PUB 595.00 301.153 BHO EN-104657 1 595.00 English Books

© Delhi Public Library
Hit Counter
free hit counter